000 00592nam a2200181 a 4500
001 000028100
005 20240307073947.0
008 110413s1980 dr 000 0 spa d
040 _aDO-SdBNP
_bspa
_cBNPHU
245 0 0 _aInstructivos para el diseño y planificaciónde los planes de estudios y pogramas /.
260 _aSanto Domingo :
_bUASD,
_c1980.
300 _a44 p. ;
_c21 cm.
490 1 _aPlanes de estudios
_v1
_aOPLAU
504 _aBibliografía: p. 43
710 1 _aUniversidad Autónoma de Santo Domingo
_972951
830 0 _aPlanes de estudios
_n1
_pOPLAU
_955111
049 _aBNPD
999 _c27592
_d27592